000 00317nam a2200121Ia 4500
008 190216s9999||||xx |||||||||||||| ||und||
100 _aNarayanan S Hanumantha Rao Etc
245 0 _aText Book Of Classical And Modern Geometry
260 _bS Chand & Co
_c1977
300 _a186p
650 _aMathematics
942 _cBK
999 _c30843
_d30843